00281cam a22001097a 4500008004000000082001200040100001600052245005500068260002400123300001000147650001400157180718b1981 xxu||||| |||| 00| 0 eng d aB1 D451 aDesai, I.P. aCraft of sociology and other essayscby I.P. Desai aDelhibAjantac1981 a158p. aSociology